Vista normal
Vista MARC
- Zannoni, Arthur E.,
Entrada Autor personal
Número de registros utilizados en: 1
001 - NUMERO DE CONTROL
- Campo de control: 357
003 - IDENTIFICADOR DE NUMERO DE CONTROL
- Campo de control: DLC
005 - HORA Y FECHA DE LA ULTIMA TRANSACCIÓN
- Campo de control: 20160915112958.0
008 - CAMPO DE LONGITUD FIJA
- Campo fijo de descripción fija: 910625n| acannaabn |a aaa
040 ## - AGENCIA DE CATALOGACIÓN ORIGINAL
- Agencia de catalogación original: CO-MdFUSB
- Agencia que hace la transcripción: CO-MdFUSB
100 1# - AUTOR PERSONAL
- Autor personal: Zannoni, Arthur E.,
- Fechas asociadas con el nombre: 1942-
375 ## - GENERO
- Género: masculino
400 1# - REFERENCIA DE ENVIO “VEASE” - NOMBRE PERSONAL
- Autor personal: Zannoni, Arthur Edward,
- Fechas asociadas con el nombre: 1942-
670 ## - FUENTE EN LA QUE SE LOCALIZARON DATOS
- Fuente: Introduction to Jewish-Christian relations, c1991:
- Fuente de información: CIP t.p. (Arthur E. Zannoni) data sheet (b. 10-13-42)
670 ## - FUENTE EN LA QUE SE LOCALIZARON DATOS
- Fuente: An investigation of the call and dedication of the prophet Samuel, 1975:
- Fuente de información: t.p. (Arthur Edward Zannoni, A.B., M.A.) UMI t.p. (Zannoni, Arthur Edward, 1942-)
